000 00462nam a2200181Ia 4500
005 20250423101143.0
008 250422s9999 xx 000 0 und d
020 _a0192626906
050 _aRD 82.2 .U77/
100 _aUrquhart, John,
245 4 _aThe anaesthetic aide-memoire
260 _aOxford
260 _bOxford University Press
260 _c1996
300 _a179 p
650 _aAnesthesia_Handbooks, manuals, etc. Anaesthetics
942 _cBK
999 _c35452
_d35452